[Event "45th FIDE Chess Olympiad Open"]
[Site "Budapest, Hungary"]
[Date "2024.09.12"]
[Round "2"]
[White "Lompo, Boammani Aser"]
[Black "Mutuge Ian"]
[Result "0-1"]
[WhiteElo "1568"]
[BlackElo "1938"]
[PlyCount "82"]
[EventDate "2024.??.??"]
[WhiteTeam "Burkina Faso"]
[BlackTeam "Kenya"]
[WhiteTeamCountry "BUR"]
[BlackTeamCountry "KEN"]
[WhiteClock "0:09:30"]
[BlackClock "0:11:46"]

1. d4 Nf6 2. Bf4 e6 3. e3 Be7 4. Nd2 d5 5. Bd3 O-O 6. Ngf3 c5 7. c3 Nc6 8. Ne5 Bd6 9. g4 ({RR} 9. Bg3 Ne7 10. O-O b6 11. a4 a5 12. e4 cxd4 13. cxd4 dxe4 14. Nxe4 Nxe4 15. Bxe4 Nd5 16. Qc2 h6 17. Nc6 Qd7 18. Bxd5 exd5 19. Rfe1 Bxg3 20. Ne7+ Kh8 21. hxg3 Qd6 22. Qc6 Qxc6 23. Nxc6 Be6 {0-1 Gupta,A (2619)-Ssegwanyi,A (2373) Mansa Chilufya Memorial 2017 (6)}) ({RR} 9. Bg3 g6 10. f4 Nh5 11. Qg4 Ne7 12. Qe2 f6 13. Nef3 Nc6 14. Bh4 Qb6 15. Rb1 e5 16. fxe5 fxe5 17. dxe5 Nxe5 18. Nxe5 Bxe5 19. Nf3 Bg4 20. O-O c4 21. Bc2 Qd6 22. Qd2 Bxf3 23. gxf3 Bf6 {½-½ Grygierczyk,W (2104)-Luberanski,J (2245) Bydgoszcz Open A 2024 (9.21)}) 9... Bxe5 10. dxe5 Nd7 11. Nf3 g6 $146 ({RR} 11... Qc7 12. Ng5 g6 13. Nf3 Ndxe5 14. Nxe5 Nxe5 15. Bc2 f6 16. h4 Qc6 17. Qb1 d4 18. Be4 Qd7 19. exd4 cxd4 20. h5 Nxg4 21. hxg6 hxg6 22. Bxg6 f5 23. Qd3 Qg7 24. Bh5 dxc3 25. bxc3 Bd7 26. O-O-O {0-1 Pokotilo,M-Kabachenko,M UKR-ch U16 Girls sf 2006 (2)}) 12. h4 Qc7 13. g5 Ndxe5 14. Nxe5 Nxe5 15. Bc2 b6 16. h5 Bb7 17. Rh3 Rad8 18. hxg6 fxg6 19. Qb1 Qf7 20. f3 Nc4 21. b3 Na3 22. Bxg6 Qxg6 23. Qxg6+ hxg6 24. Be5 Nc2+ 25. Kd2 Nxa1 26. Rh8+ Kf7 27. Rh7+ Ke8 28. Rxb7 Rf7 29. Rxf7 Kxf7 30. Kc1 Ke8 31. Kb2 Nxb3 32. axb3 Kd7 33. Ka3 Kc6 34. Ka4 a5 35. Ka3 b5 36. Kb2 b4 37. Kc2 Kb5 38. Kb2 c4 39. cxb4 axb4 40. bxc4+ dxc4 41. Bd4 Rxd4 0-1

[Event "45th FIDE Chess Olympiad Open"]
[Site "Budapest, Hungary"]
[Date "2024.09.12"]
[Round "2"]
[White "Senglek, Khonsavanh"]
[Black "Harmon, Barcon"]
[Result "0-1"]
[WhiteElo "1591"]
[BlackElo "1968"]
[PlyCount "88"]
[EventDate "2024.??.??"]
[WhiteTeam "Laos"]
[BlackTeam "Liberia"]
[WhiteTeamCountry "LAO"]
[BlackTeamCountry "LBR"]
[WhiteClock "0:54:13"]
[BlackClock "0:28:01"]

1. e4 e5 2. Nf3 d6 3. Be2 Nf6 4. Nc3 Be7 5. h3 ({RR} 5. d3 O-O 6. O-O c6 7. h3 b5 8. a3 h6 {½-½ Orlov,P (2390)-Runic,Z (2448) Bijeljina Dvorovi 2002 (9)}) 5... c6 $146 ({RR} 5... Nbd7 6. O-O O-O 7. d3 b6 8. Be3 Bb7 9. Bg5 h6 10. Bxf6 Nxf6 11. Qd2 Nh7 12. Rfe1 Ng5 13. Nxg5 Bxg5 14. Qd1 f5 15. a3 fxe4 16. dxe4 Qf6 17. Rf1 a6 18. Nd5 Bxd5 19. Qxd5+ Qf7 20. Qxf7+ {½-½ Martinez Ayala,P (1070)-Hernandez Mediavilla,J (1311) Barcelona Sant Marti op-B 21st 2019 (8)}) 6. d4 Qc7 7. Bg5 O-O 8. O-O Nbd7 9. dxe5 dxe5 10. Bd3 Rd8 11. Qe2 Nf8 12. Nd1 Ng6 13. Bc4 h6 14. Bxf6 Bxf6 15. Qe3 b5 16. Bb3 Nf4 17. Kh2 Bd7 18. a3 c5 19. Nc3 c4 20. Ba2 a6 21. Rad1 Be6 22. Ne2 Rd7 23. Rxd7 Bxd7 24. b3 Be6 25. Rd1 Be7 26. b4 a5 27. Nc3 axb4 28. Nd5 Bxd5 29. exd5 Rxa3 30. Bb3 Bd6 31. g3 Ng6 32. Nd2 cxb3 33. cxb3 Qc2 34. Rf1 Bc5 35. Qe1 Qd3 36. Ne4 Qxd5 37. Qe2 Bd4 38. Rc1 Ra8 39. Qf3 Rd8 40. Rd1 Qe6 41. h4 f5 42. Nc5 Qc8 43. h5 Nf8 44. Nd3 e4 0-1

[Event "45th FIDE Chess Olympiad Open"]
[Site "Budapest, Hungary"]
[Date "2024.09.12"]
[Round "2"]
[White "Schwarz, Bernhard"]
[Black "Abdou, Mohamed"]
[Result "1/2-1/2"]
[WhiteElo "1875"]
[BlackElo "1782"]
[PlyCount "74"]
[EventDate "2024.??.??"]
[WhiteTeam "Namibia"]
[BlackTeam "Comoros Islands"]
[WhiteTeamCountry "NAM"]
[WhiteClock "0:09:12"]
[BlackClock "0:02:03"]

1. e4 c6 2. d4 d5 3. e5 Bf5 4. Nf3 e6 5. Be2 c5 6. c3 Nc6 7. O-O Qb6 8. dxc5 Bxc5 9. b4 Be7 10. Be3 Qc7 11. Qa4 Kf8 12. b5 Nxe5 13. b6 Nxf3+ 14. Bxf3 Qc8 15. bxa7 Bc5 16. Qf4 Bxa7 17. c4 $146 ({RR} 17. Bxa7 Rxa7 18. Re1 Ne7 19. g4 Bg6 20. Rxe6 Qxe6 21. Qb8+ Nc8 22. Nd2 Qd6 23. Qxc8+ Ke7 24. Qxh8 Qf4 25. Re1+ Be4 26. Nxe4 Qe5 27. Re2 Qf4 28. Ng3+ Kf6 29. Nh5+ {1-0 Bauer,M (1805)-Beer,F (1650) Oberpfalz-ch M2 1998 (1)}) 17... Bb8 18. Qh4 Ra4 19. Nd2 Nf6 20. Rfc1 b5 21. cxb5 Qxc1+ 22. Rxc1 Rxh4 23. Rc8+ Ke7 24. Rxh8 Bxh2+ 25. Kf1 Bd6 26. Ra8 Bd3+ 27. Kg1 Bxb5 28. Ra7+ Bd7 29. g4 h6 30. Be2 e5 31. g5 hxg5 32. Bxg5 Ra4 33. Rxd7+ Kxd7 34. Bb5+ Kc7 35. Bxa4 Ng8 36. Bb3 Kc6 37. Kf1 f6 1/2-1/2

[Event "45th FIDE Chess Olympiad Open"]
[Site "Budapest, Hungary"]
[Date "2024.09.12"]
[Round "2"]
[White "Kim, Sanker"]
[Black "Giasi, Viresh"]
[Result "0-1"]
[WhiteElo "1564"]
[BlackElo "1998"]
[PlyCount "82"]
[EventDate "2024.??.??"]
[WhiteTeam "Cambodia"]
[BlackTeam "Suriname"]
[WhiteTeamCountry "CMB"]
[BlackTeamCountry "SUR"]
[WhiteClock "0:00:45"]
[BlackClock "0:31:56"]

1. e4 c5 2. Nf3 e6 3. Be2 Nc6 4. O-O Nge7 ({RR} 4... g5 5. c3 Bg7 6. d3 g4 7. Ne1 h5 8. Be3 d6 9. Nd2 Nge7 10. Nc2 f5 11. f3 Ng6 12. d4 f4 13. Bf2 g3 14. hxg3 Qg5 15. Qe1 cxd4 16. cxd4 fxg3 17. Bxg3 Nxd4 18. Nxd4 Bxd4+ 19. Kh1 {1-0 Palac,M (2571)-Saric,I (2576) CRO-ch playoff 2009 (2)}) 5. Nc3 ({RR} 5. c3 g6 6. d4 cxd4 7. cxd4 d5 8. exd5 Nxd5 9. Bg5 Qb6 10. Nc3 Bg7 11. Na4 Qc7 12. Rc1 O-O 13. Ne5 Bxe5 14. dxe5 Qxe5 15. Qd2 f6 16. Bh4 Nd4 17. Rfe1 Qf4 18. Qxf4 Nxf4 {½-½ Peuraniemi,P (1987)-Yli Olli,H FIN-chT2 Gp4 1516 2015 (5.2)}) 5... a6 $146 ({RR} 5... Ng6 6. Re1 Be7 7. Bf1 O-O 8. d3 a6 9. g3 d6 10. Bg2 Qc7 11. h4 Nge5 12. Ng5 h6 13. Nh3 Nd7 14. f4 Nd4 15. Ne2 Nxe2+ 16. Qxe2 e5 17. f5 b5 18. Be3 Bb7 19. Rf1 Qd8 20. Nf2 {½-½ Reshetov,V (2126)-Kuzmin,E (1995) Chigorin Memorial 17th 2009 (4)}) 6. d3 d5 7. exd5 Nxd5 8. Ne4 Be7 9. c4 Nf6 10. Nfg5 h6 11. Nxf6+ gxf6 12. Ne4 f5 13. Ng3 Bf6 14. Nh5 Bd4 15. Rb1 Qd6 16. Be3 Bd7 17. b4 cxb4 18. Bxd4 Qxd4 19. a3 a5 20. Bf3 Rb8 21. a4 Kd8 22. Ng3 Ne5 23. Kh1 Qxd3 24. Qxd3 Nxd3 25. Ra1 Ke7 26. Ra2 Rhc8 27. Be2 Nf4 28. Rc1 Bc6 29. Bf1 Rd8 30. Ne2 Nd3 31. Rb1 Nxf2+ 32. Kg1 Ne4 33. Rbb2 Rd1 34. Ng3 Nc3 35. Rd2 Rd8 36. Rxd8 Kxd8 37. Rb2 Bxa4 38. Kf2 Kc7 39. Be2 Bc6 40. Rc2 Rd4 41. Bf1 a4 0-1

[Event "45th FIDE Chess Olympiad Open"]
[Site "Budapest, Hungary"]
[Date "2024.09.12"]
[Round "2"]
[White "Yeung, Jason"]
[Black "El, Rozak"]
[Result "1-0"]
[WhiteElo "1993"]
[BlackElo "1514"]
[PlyCount "63"]
[EventDate "2024.??.??"]
[WhiteTeam "Suriname"]
[BlackTeam "Cambodia"]
[WhiteTeamCountry "SUR"]
[BlackTeamCountry "CMB"]
[WhiteClock "0:33:27"]
[BlackClock "0:19:38"]

1. e4 c6 2. d4 d5 3. e5 Bf5 4. Nf3 e6 5. Be2 Bb4+ 6. c3 Be7 ({RR} 6... Ba5 7. O-O Nd7 8. Re1 Bc7 9. Na3 Ne7 10. Nc2 O-O 11. Bd3 f6 12. Bxf5 Nxf5 13. g3 h6 14. b3 fxe5 15. Nxe5 Nxe5 16. dxe5 Bb6 17. Nd4 Qe7 18. a4 c5 19. Nxf5 Rxf5 20. a5 Bc7 21. f4 {½-½ Baklan,V (2619)-Iturrizaga Bonelli,E (2650) ESP-chT Div Honor 2016 (3.1)}) ({RR} 6... Ba5 7. Qb3 Qc8 8. Nh4 Bg6 9. Nd2 Ne7 10. O-O Nf5 11. Nxg6 hxg6 12. Nf3 Nd7 13. g3 Bb6 14. a4 a6 15. Bf4 c5 16. Rfd1 Ba7 17. Rac1 c4 18. Qa3 Qc6 19. a5 f6 20. h4 Kf7 21. Bf1 {1-0 Mchedlishvili,M (2553)-Paichadze,L (2514) 82nd ch-GEO 2023 (2.5)}) 7. O-O Nd7 8. Be3 h6 $146 ({RR} 8... h5 9. b4 Nh6 10. b5 Bg6 11. c4 dxc4 12. bxc6 bxc6 13. Nfd2 Nf5 14. Nxc4 Nb6 15. Nc3 Qd7 16. a4 Rd8 17. Qb3 Nxc4 18. Qxc4 O-O 19. Bd3 Nxe3 20. fxe3 Bxd3 21. Qxd3 c5 22. Ne4 cxd4 23. Rad1 {1-0 Zaibi,A (2249)-Hmam,M (2092) TUN selection 2014 (3)}) 9. Ne1 Bg5 10. f4 Be7 11. Nd2 Qb6 12. b4 g5 13. Bd3 Bxd3 14. Nxd3 gxf4 15. Bxf4 O-O-O 16. a4 a5 17. Rb1 axb4 18. Nxb4 Qa7 19. Nd3 h5 20. Kh1 Kc7 21. Qb3 Nh6 22. Bxh6 Rxh6 23. Rxf7 Re8 24. c4 b6 25. c5 bxc5 26. Nxc5 Rb8 27. Qxb8+ Qxb8 28. Na6+ Kc8 29. Nxb8 Nxb8 30. Rxe7 Nd7 31. a5 c5 32. a6 1-0

[Event "45th FIDE Chess Olympiad Open"]
[Site "Budapest, Hungary"]
[Date "2024.09.12"]
[Round "2"]
[White "Roberts, Gennard"]
[Black "Zebaze Dongmo Loic Dylane"]
[Result "0-1"]
[WhiteElo "1582"]
[BlackElo "1914"]
[PlyCount "102"]
[EventDate "2024.??.??"]
[WhiteTeam "Grenada"]
[BlackTeam "Cameroon"]
[WhiteTeamCountry "GRA"]
[BlackTeamCountry "CAM"]
[WhiteClock "0:08:08"]
[BlackClock "1:29:17"]

1. e4 e6 2. Nf3 d5 3. Nc3 Nf6 4. e5 Nfd7 5. d4 c5 6. dxc5 Nc6 7. Bf4 Bxc5 8. Bd3 a6 9. a3 b5 10. O-O Bb7 11. Qe2 ({RR} 11. Ne2 h6 12. Ng3 Qb6 13. b4 Bf8 14. c3 Rd8 15. Re1 Qc7 16. h4 Nb6 17. h5 Nc4 18. a4 Nb2 19. Qd2 Nxd3 20. Qxd3 bxa4 21. Rxa4 Be7 22. Ne2 O-O 23. Ned4 Nxd4 24. Nxd4 Qc4 25. Qg3 Kh7 {1-0 Capp,S (1952)-Cruz,W (2216) Titled Tue 9th Apr Late 2024 (7)}) 11... Rc8 12. Nxd5 $146 ({RR} 12. Ng5 Ndxe5 13. Nxe6 fxe6 14. Bxe5 Nxe5 15. Qxe5 Qf6 16. Rae1 Kf7 17. Nd1 Qxe5 18. Rxe5 Bd6 19. Re2 e5 20. c3 Rce8 21. Bb1 g6 22. Ba2 Kg7 23. Rd2 Bc5 24. b4 Ba7 25. c4 bxc4 26. Bxc4 d4 {½-½ Scheerer,C-Walton,J (2225) Glorney Cup U20 1995}) 12... exd5 13. e6 Nf6 14. exf7+ Kf8 15. Bf5 Ra8 16. Rad1 h6 17. Nh4 g5 18. Ng6+ Kg7 19. Nxh8 Kxh8 20. Bg3 Qe7 21. Qxe7 Nxe7 22. Be5 Nxf5 23. Bxf6+ Kh7 24. Rfe1 Kg6 25. Re6 Kxf7 26. Rde1 Ne3 27. Be7 Ba7 28. Rxh6 Ng4 29. Bc5 Bxc5 30. Rh7+ Kg6 31. Rxb7 Bxf2+ 32. Kf1 Bxe1 33. Rb6+ Kf5 34. Kxe1 Nxh2 35. Rd6 Re8+ 36. Kd1 Re6 37. Rxd5+ Kf4 38. c3 Nf1 39. Rd4+ Kg3 40. a4 Ne3+ 41. Kd2 Nc4+ 42. Kc1 Re1+ 43. Kc2 Re2+ 44. Kc1 Rxb2 45. Rd5 g4 46. Rc5 Kxg2 47. Rc6 Ra2 48. Rxa6 Rxa4 49. Rg6 g3 50. Kc2 Ra2+ 51. Kd3 Ne5+ 0-1

[Event "45th FIDE Chess Olympiad - Women's Secti"]
[Site "Budapest, Hungary"]
[Date "2024.09.11"]
[Round "1"]
[White "Mefteh, Meyssem"]
[Black "Luong Phuong Hanh"]
[Result "0-1"]
[WhiteElo "1834"]
[BlackElo "2225"]
[PlyCount "200"]
[EventDate "2024.??.??"]
[WhiteTeam "Tunisia"]
[BlackTeam "Vietnam"]
[WhiteTeamCountry "TUN"]
[BlackTeamCountry "VIE"]
[WhiteClock "0:00:37"]
[BlackClock "1:19:04"]

1. d4 Nf6 2. c4 g6 3. Nc3 d5 4. Bg5 Ne4 5. Bh4 Nxc3 6. bxc3 dxc4 7. e3 Be6 8. Nf3 Bg7 9. Qb1 Qd5 ({RR} 9... b6 10. Be2 c5 11. O-O O-O 12. Rd1 Nd7 13. dxc5 Qe8 14. c6 Nc5 15. Nd4 Bd5 16. Qb5 Rc8 17. Bxc4 Bxc6 18. Nxc6 Rxc6 19. Rac1 Rc7 20. Bg3 Qxb5 21. Bxb5 Rcc8 22. f3 a6 23. Be2 b5 24. Be1 {½-½ Aronian,L (2786)-Svidler,P (2754) Moscow Tal Memorial 4th 2009 (1)}) 10. Be2 ({RR} 10. Nd2 Nd7 11. a4 Qa5 12. Qb4 Qxb4 13. cxb4 a5 14. bxa5 Rxa5 15. Bxc4 Nb6 16. Bxe6 fxe6 17. Ke2 Rxa4 18. Rhb1 Rxa1 19. Rxa1 e5 20. Ra7 exd4 21. Rxb7 Kd7 22. Bg3 Nd5 23. exd4 Bxd4 24. Rb3 c5 {½-½ Sarana,A (2717)-Svidler,P (2698) FIDE World Bl Team Final 2024 (2.1)}) 10... O-O $146 ({RR} 10... Qa5 11. O-O b6 12. Ng5 Bd5 13. e4 Bb7 14. Bxc4 e6 15. Qb3 Bf6 16. Nxf7 Kxf7 17. Bxe6+ Kg7 18. Bxf6+ Kxf6 19. Bg8 Nc6 20. Qf7+ Kg5 21. Bxh7 Rxh7 22. Qxh7 Kf6 23. Qxc7 Nd8 24. e5+ Kg5 25. Qh7 {1-0 Wirig,A (2458)-Koepke,C (2356) Boeblingen op 25th 2008 (4)}) ({RR} 10... Nd7 11. O-O Nb6 12. Ng5 Bc8 13. Bf3 Qa5 14. Ne4 Bf5 15. Qb4 Qxb4 16. cxb4 Bxe4 17. Bxe4 c6 18. b5 Kd7 19. bxc6+ bxc6 20. Bg3 Rac8 21. a4 f5 22. Bf3 e5 23. a5 Nd5 24. dxe5 Ke6 25. e4 {½-½ Gusarov,G (2337)-Kotlyar,K (2246) Urals-ch Satka 2012 (6)}) ({RR} 10... Bf5 11. Qb4 c5 12. Qxc4 Qxc4 13. Bxc4 cxd4 14. cxd4 Nc6 15. O-O O-O 16. Bb5 e6 17. Bxc6 bxc6 18. Rac1 Rfc8 19. Ne5 Rab8 {½-½ Morchiashvili,B (2335)-Sevdimaliyev,U (2370) TUR-chT 2nd League 2019 (5.15)}) 11. Bxe7 Bf5 12. Qb2 Re8 13. Bh4 Nd7 14. O-O Nb6 15. a4 Qa5 16. Qa2 Bd3 17. Bxd3 cxd3 18. Rfd1 c5 19. Rxd3 c4 20. Rdd1 Rac8 21. Rdc1 Nd5 22. Qb2 Qc7 23. Qb5 Nf6 24. Bxf6 Bxf6 25. Rab1 b6 26. Nd2 Bg7 27. Rb4 Qe7 28. Rxc4 Rcd8 29. Rc6 Bh6 30. Re1 Bf8 31. Qc4 Rd7 32. Nf3 Bg7 33. Rc8 Rxc8 34. Qxc8+ Rd8 35. Qc4 Qd7 36. Qb5 Qe7 37. Qg5 Bf6 38. Qb5 Qe4 39. Qa6 Qe7 40. Qc4 Qd7 41. Rb1 Rc8 42. Qb3 Qf5 43. Rd1 g5 44. h3 h5 45. Rc1 g4 46. hxg4 hxg4 47. Nh2 g3 48. fxg3 Bg5 49. c4 Qe4 50. Nf1 Rc6 51. Re1 Rh6 52. Qb1 Qg4 53. Qd1 Qe4 54. Qf3 Qh7 55. e4 Rh1+ 56. Kf2 Qg7 57. e5 Be7 58. Re4 Kh8 59. Rg4 Qf8 60. e6 f5 61. Rf4 Qf6 62. Qe3 Bd6 63. e7 Bxe7 64. Qe5 Qxe5 65. dxe5 Bc5+ 66. Ke2 Rg1 67. Rxf5 Rxg2+ 68. Kd1 Ra2 69. e6 Kg8 70. g4 Rxa4 71. g5 Rxc4 72. Nd2 Rd4 73. Kc2 Be7 74. g6 Rd6 75. Re5 Kg7 76. Nc4 Rc6 77. Kb3 Kxg6 78. Re1 Kf5 79. Na3 Bxa3 80. e7 Bxe7 81. Rxe7 a6 82. Kb4 Rc5 83. Re3 Re5 84. Rd3 Re4+ 85. Ka3 Ke5 86. Rd2 Rd4 87. Rc2 Kd5 88. Kb3 a5 89. Rc1 b5 90. Rc2 Rd3+ 91. Kb2 a4 92. Rc7 Rh3 93. Rg7 Kc5 94. Rg5+ Kb4 95. Rg4+ Ka5 96. Rg5 a3+ 97. Ka2 Ka4 98. Rg4+ b4 99. Rg2 b3+ 100. Ka1 Rh1+ 0-1